[Event "BEL-ch U14"]
[Site "Blankenberge"]
[Date "2015.04.16"]
[Round "7"]
[White "Goffin, Kevin"]
[Black "Bleuze, Kobe"]
[Result "1-0"]
[WhiteElo "1599"]
[BlackElo "1312"]
[PlyCount "71"]
[EventDate "2015.04.12"]
[EventType "swiss"]
[EventRounds "9"]
[EventCountry "BEL"]
[SourceTitle "CBM 166 Extra"]
[Source "ChessBase"]
[SourceDate "2015.06.18"]
[SourceVersion "1"]
[SourceVersionDate "2015.06.18"]
[SourceQuality "1"]

1. e4 e5 2. Nf3 Nc6 3. Bc4 Bc5 4. c3 Nf6 5. d3 d5 6. exd5 Nxd5 7. 0-0 0-0 8. Re1 Bg4 9. Nbd2 Nf6 10. h3 Bxf3 11. Nxf3 Re8 12. b4 Bb6 13. Qb3 Qd7 14. a4 a6 15. Be3 Bxe3 16. Rxe3 Re7 17. Rae1 Rae8 18. Ng5 h6 19. Ne4 Nxe4 20. Rxe4 Qf5 21. R1e3 Rf8 22. d4 Kh8 23. f4 exf4 24. Rxe7 fxe3 25. Rxe3 Qg5 26. Rf3 f5 27. Qc2 Ne7 28. Qe2 Ng6 29. Kh2 Nh4 30. Rg3 Qf6 31. Re3 Qd6+ 32. Kh1 Qc6 33. b5 axb5 34. axb5 Qd7 35. Re7 Qd8 36. Qe5 1-0

[Event "BEL-ch U14"]
[Site "Blankenberge"]
[Date "2015.04.15"]
[Round "5"]
[White "Rosik, Gauthier"]
[Black "Bleuze, Kobe"]
[Result "0-1"]
[WhiteElo "1420"]
[BlackElo "1312"]
[PlyCount "84"]
[EventDate "2015.04.12"]
[EventType "swiss"]
[EventRounds "9"]
[EventCountry "BEL"]
[SourceTitle "CBM 166 Extra"]
[Source "ChessBase"]
[SourceDate "2015.06.18"]
[SourceVersion "1"]
[SourceVersionDate "2015.06.18"]
[SourceQuality "1"]

1. Nf3 Nc6 2. d4 d5 3. Bf4 Bf5 4. e3 e6 5. Bd3 Be4 6. Bxe4 dxe4 7. Nfd2 f5 8. Nb3 Bd6 9. Bxd6 Qxd6 10. N1d2 e5 11. c3 exd4 12. cxd4 Nb4 13. Nc5 b6 14. Qa4+ Nc6 15. Na6 Nge7 16. Nb4 Qxb4 17. Qc2 Qd6 18. f3 Nd5 19. Ke2 Qh6 20. Qb3 exf3+ 21. gxf3 Nf4+ 22. Kd1 Ng2 23. f4 Qh5+ 24. Kc2 Qf7 25. Qb5 Qd7 26. Qe2 Qd5 27. Nf3 Qe4+ 28. Kd2 Nb4 29. Qb5+ c6 30. Qxb4 Qxe3+ 31. Kc2 Qe4+ 32. Kd2 Qxf4+ 33. Kc2 Ne3+ 34. Kb3 Qxf3 35. Rae1 Qd5+ 36. Kc3 f4 37. Rhf1 g5 38. Re2 0-0-0 39. Rfe1 c5 40. Qb5 cxd4+ 41. Kb4 a5+ 42. Ka4 Qxa2# 0-1

[Event "BEL-ch U14"]
[Site "Blankenberge"]
[Date "2015.04.13"]
[Round "2"]
[White "Bleuze, Kobe"]
[Black "Van Dijck, Bjarne"]
[Result "1/2-1/2"]
[WhiteElo "1312"]
[BlackElo "1529"]
[PlyCount "110"]
[EventDate "2015.04.12"]
[EventType "swiss"]
[EventRounds "9"]
[EventCountry "BEL"]
[SourceTitle "CBM 166 Extra"]
[Source "ChessBase"]
[SourceDate "2015.06.18"]
[SourceVersion "1"]
[SourceVersionDate "2015.06.18"]
[SourceQuality "1"]

1. e4 e6 2. d4 d5 3. e5 c5 4. Nf3 Nc6 5. Bb5 Bd7 6. Bxc6 Bxc6 7. 0-0 cxd4 8. Nxd4 Bc5 9. Be3 Bxd4 10. Qxd4 Ne7 11. Bg5 Nf5 12. Qd2 f6 13. exf6 gxf6 14. Bf4 Kf7 15. Qe2 Qg8 16. Re1 Re8 17. Qh5+ Qg6 18. Qxg6+ hxg6 19. Nd2 e5 20. Bg3 Nxg3 21. fxg3 g5 22. g4 Rc8 23. c4 d4 24. b4 Bd7 25. h3 Be6 26. Rac1 Ke7 27. a3 Rc7 28. c5 Rhc8 29. Ne4 Rd8 30. Red1 d3 31. Nd6 Rcd7 32. Rxd3 a6 33. Kh2 Rh8 34. Kg3 Rhd8 35. Rd2 Kf8 36. a4 Kg8 37. a5 Kh7 38. Rcd1 Bb3 39. Rf1 Kg6 40. Rdf2 Rxd6 41. cxd6 Rxd6 42. Rb2 Ba4 43. Rc1 Bc6 44. Rc3 Rd5 45. h4 gxh4+ 46. Kxh4 Rd4 47. Re3 Bd7 48. Rg3 f5 49. Kh3 fxg4+ 50. Kh4 Rf4 51. Re3 e4 52. Rbe2 Bc6 53. g3 Rf1 54. Rh2 Rf8 55. Rd2 Rf7 1/2-1/2